000 00800nas a2200265 4500
001 BR0202505
003 BR-BrBNA
005 20231205102951.0
007 ta
008 230509b bl.|||p| |||| 00| 00por d
040 _aBR-BrBNA
_bpor
_cBiblioteca Nacional de Agricultura
041 _a(Pt)
072 _aL70
100 1 _aCunha, J.M.C.C.P. da
100 1 _aCortopassi, S.R.G.
100 1 _aMachado, A.
245 1 _aAnalgesia transoperatória induzida pela morfina ou meperidina em gatos submetidos a osteossíntese
650 _aGATO
650 _aOSTEOSSÍNTESE
650 _aANESTESIA
650 _aSÃO PAULO
773 0 _tCiência Rural (Brazil)
_xISSN 0103-8478
_g(Jan-Feb 2002), v. 32(1) p. 67-72
_wBR0202505
909 _a202311
_bLúcia
_c55
_dLúcia Elande
942 _2AGRIS
_n0
_cANA
999 _c170313
_d170313